[Event "Duitama op 9th"]
[Site "Duitama"]
[Date "2013.01.06"]
[Round "5"]
[White "Abril, Luis"]
[Black "Ortega, Jaime"]
[Result "1-0"]
[WhiteElo "1709"]
[BlackElo "1600"]
[PlyCount "27"]
[EventDate "2013.01.03"]
[EventType "swiss"]
[EventRounds "7"]
[EventCountry "COL"]
[SourceTitle "CBM 152 Extra"]
[Source "ChessBase"]
[SourceDate "2013.02.25"]
[SourceVersion "1"]
[SourceVersionDate "2013.02.25"]
[SourceQuality "1"]

1. e4 e6 2. Bc4 Nc6 3. c3 b6 4. d4 Bb7 5. Nf3 d6 6. d5 Ne5 7. Nxe5 dxe5 8. Qa4+ Qd7 9. Bb5 c6 10. dxc6 Qd8 11. c7+ Ke7 12. cxd8Q+ Rxd8 13. Qxa7 Kf6 14. Qxb7 1-0

[Event "Duitama op 9th"]
[Site "Duitama"]
[Date "2013.01.04"]
[Round "2"]
[White "Silva, Juan"]
[Black "Abril, Luis"]
[Result "1-0"]
[WhiteElo "1744"]
[BlackElo "1709"]
[PlyCount "83"]
[EventDate "2013.01.03"]
[EventType "swiss"]
[EventRounds "7"]
[EventCountry "COL"]
[SourceTitle "CBM 152 Extra"]
[Source "ChessBase"]
[SourceDate "2013.02.25"]
[SourceVersion "1"]
[SourceVersionDate "2013.02.25"]
[SourceQuality "1"]

1. e4 e5 2. Bc4 Be7 3. Nf3 d6 4. h3 Nf6 5. d3 Nc6 6. c3 0-0 7. Bb3 Na5 8. Bc2 Be6 9. 0-0 Qd7 10. Nbd2 Nc6 11. Re1 h6 12. Nf1 Rad8 13. Ng3 Nh7 14. Nh2 Bh4 15. Qf3 Ne7 16. d4 c6 17. Qd3 Bxg3 18. Qxg3 Kh8 19. dxe5 dxe5 20. Qxe5 Ng6 21. Qg3 Rfe8 22. Nf3 Nf6 23. Be3 Nh5 24. Qh2 b6 25. Ne5 Nxe5 26. Qxe5 Bb3 27. Qxh5 Bxc2 28. Bd4 Kg8 29. f3 c5 30. Be3 Re6 31. Qh4 Rg6 32. Rac1 Bd3 33. Rcd1 c4 34. Bd4 Re8 35. Kh1 Qa4 36. a3 Qc2 37. Qf2 Qb3 38. Rd2 Ree6 39. Ra1 Rg5 40. a4 Bxe4 41. fxe4 Rxe4 42. Ra3 1-0